[Event "Olimpiada de Khanty-Mansiysk 2010"]
[Site "Khanty-Mansiysk RUS"]
[Date "2010.09.24"]
[Round "4"]
[White "Krylov, Sergey"]
[Black "Jeitz, Christian"]
[Result "1-0"]
[WhiteElo "2359"]
[BlackElo "2235"]
[PlyCount "139"]
[EventDate "2010.09.21"]
[EventType "team"]
[EventRounds "11"]
[EventCountry "RUS"]
[Source "lmi"]
[SourceDate "2010.09.21"]
[WhiteTeam "IBC"]
[BlackTeam "Luxemburgo"]
[BlackTeamCountry "LUX"]

1. e4 c5 2. Nf3 Nc6 3. d4 cxd4 4. Nxd4 Nf6 5. Nc3 e6 6. Nxc6 bxc6 7. e5 Nd5 8.
Ne4 Qc7 9. f4 Qb6 10. c4 Bb4+ 11. Ke2 f5 12. Ng3 Nc7 13. a3 Be7 14. b4 c5 15.
Be3 O-O 16. Kf2 a5 17. Rb1 axb4 18. axb4 Ra2+ 19. Be2 Qa7 20. b5 Na8 21. Ra1
Nb6 22. Rxa2 Qxa2 23. Qa1 Qxa1 24. Rxa1 d5 25. exd6 Bxd6 26. Nf1 Bb7 27. Ra7
Rf7 28. h4 Bb8 29. Ra1 Nd7 30. Nd2 e5 31. Nb3 exf4 32. Bxc5 Be5 33. Bd4 Bxd4+
34. Nxd4 Nc5 35. Bf3 Be4 36. Nc6 Nd3+ 37. Ke2 Rf8 38. Kd2 Nc5 39. Kc3 h6 40.
Rd1 g5 41. Kd4 Nb3+ 42. Ke5 g4 43. Bxe4 fxe4 44. Kxe4 f3 45. gxf3 gxf3 46. Ke3
f2 47. Rf1 Re8+ 48. Kxf2 Rf8+ 49. Ke2 Rxf1 50. Kxf1 Nd2+ 51. Ke2 Nxc4 52. Kd3
Nb6 53. Ke4 Kf7 54. Kf5 Kg7 55. h5 Nc4 56. Ke6 Nb6 57. Ne5 Na8 58. Kd6 Nb6 59.
Ng4 Nc4+ 60. Kc7 Kf7 61. b6 Nxb6 62. Kxb6 Kg7 63. Kc6 Kh7 64. Kd6 Kg7 65. Ke6
Kh7 66. Kf6 Kh8 67. Kg6 Kg8 68. Nxh6+ Kh8 69. Nf7+ Kg8 70. h6 1-0

[Event "Olimpiada de Khanty-Mansiysk 2010"]
[Site "Khanty-Mansiysk RUS"]
[Date "2010.09.24"]
[Round "4"]
[White "Wassin, Sergej"]
[Black "Steil-Antoni, Fiona"]
[Result "1/2-1/2"]
[WhiteElo "2295"]
[BlackElo "2152"]
[PlyCount "92"]
[EventDate "2010.09.21"]
[EventType "team"]
[EventRounds "11"]
[EventCountry "RUS"]
[Source "lmi"]
[SourceDate "2010.09.21"]
[WhiteTeam "IBC"]
[BlackTeam "Luxemburgo"]
[BlackTeamCountry "LUX"]

1. d4 Nf6 2. c4 e6 3. Nc3 Bb4 4. Qc2 d5 5. cxd5 exd5 6. Bg5 c5 7. e3 h6 8. Bxf6
Qxf6 9. Bb5+ Nc6 10. Nge2 cxd4 11. Nxd4 O-O 12. O-O Nxd4 13. exd4 Qxd4 14. Rad1
Qc5 15. Rxd5 Qc7 16. Rd4 Bxc3 17. bxc3 Be6 18. Qe4 Rad8 19. Rfd1 a6 20. Ba4 Rc8
21. Bd7 Bxd7 22. Rxd7 Qxc3 23. Qxb7 a5 24. g3 Qc4 25. Qd5 Rc5 26. Qd6 Rc6 27.
Qd2 Qc3 28. Rd5 a4 29. Ra5 Qxd2 30. Rxd2 Rc4 31. Rd7 g5 32. Rda7 Rd8 33. Rxa4
Rc1+ 34. Kg2 Rd2 35. h4 Rcc2 36. hxg5 Rxf2+ 37. Kg1 Rg2+ 38. Kf1 Rcf2+ 39. Ke1
Re2+ 40. Kd1 Rb2 41. Kc1 Rbf2 42. Rd7 hxg5 43. Rg4 Rxa2 44. Rxg5+ Kf8 45. Kb1
Rab2+ 46. Kc1 Ra2 1/2-1/2

[Event "Olimpiada de Khanty-Mansiysk 2010"]
[Site "Khanty-Mansiysk RUS"]
[Date "2010.09.24"]
[Round "4"]
[White "Haddouche, Mohamed"]
[Black "Sulskis, Sarunas"]
[Result "1/2-1/2"]
[WhiteElo "2425"]
[BlackElo "2544"]
[PlyCount "82"]
[EventDate "2010.09.21"]
[EventType "team"]
[EventRounds "11"]
[EventCountry "RUS"]
[Source "lmi"]
[SourceDate "2010.09.21"]
[WhiteTeam "Argelia"]
[BlackTeam "Lituania"]
[WhiteTeamCountry "ALG"]
[BlackTeamCountry "LTU"]

1. e4 e5 2. Nf3 Nc6 3. Bc4 Nf6 4. d3 Bc5 5. Nc3 d6 6. Bg5 h6 7. Bxf6 Qxf6 8.
Nd5 Qd8 9. c3 a6 10. d4 Ba7 11. dxe5 Nxe5 12. Nxe5 dxe5 13. Qh5 O-O 14. Qxe5
Re8 15. Qf4 Qd6 16. Qxd6 Rxe4+ 17. Kd2 cxd6 18. Bb3 Bd7 19. f3 Re5 20. f4 Re4
21. Bc2 Ree8 22. Rae1 Kf8 23. Be4 Bc6 24. Bf3 a5 25. Rhf1 Rab8 26. h3 Bc5 27.
g4 b5 28. Nf6 Rxe1 29. Rxe1 gxf6 30. Bxc6 b4 31. Kc2 bxc3 32. bxc3 Rc8 33. Bd5
Bd4 34. c4 Rb8 35. Rb1 Rb4 36. Rxb4 axb4 37. f5 Ke7 38. Kb3 Bc5 39. Ka4 Kf8 40.
Kb5 Ke8 41. Kc6 Ke7 1/2-1/2

[Event "Olimpiada de Khanty-Mansiysk 2010"]
[Site "Khanty-Mansiysk RUS"]
[Date "2010.09.24"]
[Round "4"]
[White "Khelfallah, Badreddine"]
[Black "Malisauskas, Vidmantas"]
[Result "0-1"]
[WhiteElo "2183"]
[BlackElo "2510"]
[PlyCount "74"]
[EventDate "2010.09.21"]
[EventType "team"]
[EventRounds "11"]
[EventCountry "RUS"]
[Source "lmi"]
[SourceDate "2010.09.21"]
[WhiteTeam "Argelia"]
[BlackTeam "Lituania"]
[WhiteTeamCountry "ALG"]
[BlackTeamCountry "LTU"]

1. e4 c5 2. Nc3 Nc6 3. f4 g6 4. Nf3 Bg7 5. Bb5 Nd4 6. O-O Nxb5 7. Nxb5 a6 8.
Nc3 d6 9. d3 Nf6 10. h3 O-O 11. Qe1 d5 12. Qh4 e6 13. f5 dxe4 14. dxe4 exf5 15.
exf5 Bxf5 16. Bg5 Qb6 17. g4 c4+ 18. Kh1 Be4 19. Kh2 Qd6+ 20. Kg1 Bc6 21. Rad1
Qc5+ 22. Kh2 Ne4 23. Be7 Qe3 24. Nxe4 Qxe4 25. Rde1 Qf4+ 26. Kg2 Rfe8 27. Bg5
Qd6 28. c3 Rxe1 29. Rxe1 Qd5 30. Rf1 Re8 31. Kg1 Re2 32. Qg3 h6 33. Bc1 Be5 34.
Bf4 Qc5+ 35. Kh1 Bxf4 36. Qxf4 Rf2 37. Rxf2 Qxf2 0-1

[Event "Olimpiada de Khanty-Mansiysk 2010"]
[Site "Khanty-Mansiysk RUS"]
[Date "2010.09.24"]
[Round "4"]
[White "Zagorskis, Darius"]
[Black "Gueroui, Nasreddine"]
[Result "1-0"]
[WhiteElo "2497"]
[BlackElo "2106"]
[PlyCount "83"]
[EventDate "2010.09.21"]
[EventType "team"]
[EventRounds "11"]
[EventCountry "RUS"]
[Source "lmi"]
[SourceDate "2010.09.21"]
[WhiteTeam "Lituania"]
[BlackTeam "Argelia"]
[WhiteTeamCountry "LTU"]
[BlackTeamCountry "ALG"]

1. c4 c5 2. Nc3 Nc6 3. g3 g6 4. Bg2 Bg7 5. a3 e5 6. Rb1 Nge7 7. b4 d6 8. d3 O-O
9. Nf3 f5 10. Bd2 h6 11. O-O Rb8 12. Ne1 Be6 13. b5 Na5 14. Nd5 Nxd5 15. Bxd5
Bxd5 16. cxd5 Rc8 17. Qa4 b6 18. Bxa5 bxa5 19. Qc4 f4 20. Nf3 Qd7 21. Nd2 Qh3
22. Qe4 Rf6 23. Qg2 Qd7 24. Ne4 Rf7 25. b6 axb6 26. Rxb6 Bf8 27. gxf4 exf4 28.
Qxg6+ Kh8 29. Kh1 Qf5 30. Qxf5 Rxf5 31. Nxd6 Bxd6 32. Rxd6 c4 33. dxc4 Rxc4 34.
Rxh6+ Kg7 35. Re6 Ra4 36. Rd1 f3 37. exf3 Rxf3 38. Re2 Rff4 39. Red2 Rxa3 40.
d6 Rg4 41. Rf1 Raa4 42. d7 1-0

[Event "Olimpiada de Khanty-Mansiysk 2010"]
[Site "Khanty-Mansiysk RUS"]
[Date "2010.09.24"]
[Round "4"]
[White "Sorensen, Torben"]
[Black "Al-Sayed, Mohammed"]
[Result "0-1"]
[WhiteElo "2418"]
[BlackElo "2495"]
[PlyCount "70"]
[EventDate "2010.09.21"]
[EventType "team"]
[EventRounds "11"]
[EventCountry "RUS"]
[Source "lmi"]
[SourceDate "2010.09.21"]
[WhiteTeam "Malta"]
[BlackTeam "Qatar"]
[WhiteTeamCountry "MLT"]
[BlackTeamCountry "QAT"]

1. Nf3 Nf6 2. c4 c6 3. Nc3 d5 4. cxd5 cxd5 5. d4 Nc6 6. Bf4 Bf5 7. e3 e6 8. Qb3
Bb4 9. Bb5 Bxc3+ 10. Qxc3 O-O 11. Bxc6 Rc8 12. Ne5 Ng4 13. Nxg4 Bxg4 14. Qb4
Rxc6 15. Qxb7 Qc8 16. Qxc8 Rfxc8 17. O-O a5 18. f3 Bf5 19. Rfe1 Bg6 20. b3 f6
21. Re2 Kf7 22. Bg3 Bd3 23. Ree1 Rc2 24. Red1 Be2 25. Rdb1 Bd3 26. Rd1 Be2 27.
Rdb1 g5 28. Be1 g4 29. fxg4 Bxg4 30. Bxa5 Bf5 31. Be1 Be4 32. Bf2 h5 33. Rd1 h4
34. a4 Rg8 35. g3 Rg5 0-1

[Event "Olimpiada de Khanty-Mansiysk 2010"]
[Site "Khanty-Mansiysk RUS"]
[Date "2010.09.24"]
[Round "4"]
[White "Gauci, Joseph"]
[Black "Nezad, Husein Aziz"]
[Result "0-1"]
[WhiteElo "2099"]
[BlackElo "2394"]
[PlyCount "60"]
[EventDate "2010.09.21"]
[EventType "team"]
[EventRounds "11"]
[EventCountry "RUS"]
[Source "lmi"]
[SourceDate "2010.09.21"]
[WhiteTeam "Malta"]
[BlackTeam "Qatar"]
[WhiteTeamCountry "MLT"]
[BlackTeamCountry "QAT"]

1. Nf3 d5 2. d4 e6 3. g3 Nf6 4. Bg2 c5 5. O-O cxd4 6. Nxd4 Nc6 7. c4 Bc5 8.
Nxc6 bxc6 9. Nc3 O-O 10. Bf4 Ba6 11. cxd5 cxd5 12. Rc1 Rc8 13. Qd2 Qe7 14. Be5
Ng4 15. Bd4 Bd6 16. h3 Ne5 17. b3 Nc6 18. Rfe1 Ba3 19. Rc2 Nb4 20. f4 Nxc2 21.
Qxc2 Bc5 22. Qd2 Bxd4+ 23. Qxd4 Qc5 24. Qxc5 Rxc5 25. Na4 Rc2 26. e4 d4 27. Rd1
Rd8 28. e5 Be2 29. Ra1 d3 30. Be4 Rd4 0-1

[Event "Olimpiada de Khanty-Mansiysk 2010"]
[Site "Khanty-Mansiysk RUS"]
[Date "2010.09.24"]
[Round "4"]
[White "Al-Tamimi, Hamad"]
[Black "Sammut Briffa, Peter"]
[Result "1-0"]
[WhiteElo "2250"]
[BlackElo "2005"]
[PlyCount "75"]
[EventDate "2010.09.21"]
[EventType "team"]
[EventRounds "11"]
[EventCountry "RUS"]
[Source "lmi"]
[SourceDate "2010.09.21"]
[WhiteTeam "Qatar"]
[BlackTeam "Malta"]
[WhiteTeamCountry "QAT"]
[BlackTeamCountry "MLT"]

1. e4 c5 2. Nf3 g6 3. d4 Bg7 4. dxc5 Qa5+ 5. c3 Qxc5 6. Na3 Nf6 7. Nb5 b6 8.
Be3 Qc6 9. Nfd4 Qb7 10. f3 O-O 11. c4 d6 12. Be2 a6 13. Nc3 Nc6 14. O-O Bd7 15.
Qd2 Nxd4 16. Bxd4 b5 17. Bxf6 Bxf6 18. Nd5 Be6 19. Nxf6+ exf6 20. cxb5 Qb6+ 21.
Kh1 axb5 22. b3 d5 23. Qb4 Rfb8 24. exd5 Bxd5 25. Rfd1 Qe3 26. Bf1 Qe6 27. Rd3
Qc6 28. Rad1 Be6 29. Rd6 Qc7 30. R6d2 Qc6 31. h3 f5 32. Be2 Qb6 33. f4 Ra7 34.
Bxb5 Qe3 35. a4 Qxb3 36. Rd8+ Rxd8 37. Rxd8+ Kg7 38. Qf8+ 1-0

[Event "Olimpiada de Khanty-Mansiysk 2010"]
[Site "Khanty-Mansiysk RUS"]
[Date "2010.09.24"]
[Round "4"]
[White "Koggala, W S V K."]
[Black "Klasan, Vladimir"]
[Result "0-1"]
[WhiteElo "2026"]
[BlackElo "2393"]
[PlyCount "122"]
[EventDate "2010.09.21"]
[EventType "team"]
[EventRounds "11"]
[EventCountry "RUS"]
[Source "lmi"]
[SourceDate "2010.09.21"]
[WhiteTeam "Sri Lanka"]
[BlackTeam "ICS"]
[WhiteTeamCountry "SRI"]

1. d4 Nf6 2. Bf4 c5 3. c3 Qb6 4. Qb3 Qxb3 5. axb3 cxd4 6. Nf3 Nc6 7. Nxd4 Nxd4
8. cxd4 d5 9. Nc3 Bd7 10. e3 e6 11. Nb5 Bb4+ 12. Kd1 Ke7 13. f3 a6 14. Na3 Ne8
15. Bd3 Bd6 16. Bg3 h5 17. Ke2 Bxg3 18. hxg3 Nd6 19. Rac1 g6 20. b4 a5 21. b5
Rhc8 22. Rc5 a4 23. Rhc1 Kd8 24. Kd2 Ra5 25. Rxc8+ Nxc8 26. Kc3 Nd6 27. Kb4 b6
28. Rc2 Be8 29. e4 f6 30. Rc1 g5 31. Re1 dxe4 32. fxe4 e5 33. dxe5 fxe5 34. Rd1
Ke7 35. Rf1 Bg6 36. Re1 Ra8 37. Nc4 Nxc4 38. Bxc4 Rf8 39. Re2 Rf1 40. Kxa4 Rd1
41. b4 Rd4 42. Bd5 Rd3 43. g4 h4 44. Bb7 Rg3 45. Rc2 Rxg4 46. Rc7+ Kf8 47. Rc8+
Kg7 48. Rc7+ Kh6 49. Rc6 Rxg2 50. Bc8 Kg7 51. Rxb6 Bf7 52. Be6 h3 53. Bxf7 h2
54. Rg6+ Kh7 55. b6 h1=Q 56. b7 Qd1+ 57. Kb5 Qd7+ 58. Kb6 Rb2 59. Ka7 Rxb4 60.
Rb6 Rxb6 61. Kxb6 Qxf7 0-1

[Event "Olimpiada de Khanty-Mansiysk 2010"]
[Site "Khanty-Mansiysk RUS"]
[Date "2010.09.24"]
[Round "4"]
[White "Peiris, T S S."]
[Black "Parfenov, Pavel"]
[Result "1-0"]
[WhiteElo "2002"]
[BlackElo "2242"]
[PlyCount "125"]
[EventDate "2010.09.21"]
[EventType "team"]
[EventRounds "11"]
[EventCountry "RUS"]
[Source "lmi"]
[SourceDate "2010.09.21"]
[WhiteTeam "Sri Lanka"]
[BlackTeam "ICS"]
[WhiteTeamCountry "SRI"]

1. e4 c5 2. c3 g6 3. d4 Qc7 4. Bd3 Bg7 5. Ne2 d6 6. O-O a6 7. Be3 Nf6 8. h3 O-O
9. Qd2 Nc6 10. f4 e5 11. fxe5 dxe5 12. d5 c4 13. Bc2 Nb8 14. Ng3 Ne8 15. Rf3
Nd6 16. Qf2 Nd7 17. Nd2 b5 18. Ndf1 Bb7 19. Rd1 Rae8 20. Qd2 f6 21. Nh2 Bc8 22.
Rdf1 h5 23. R3f2 h4 24. Ne2 Nc5 25. Bxc5 Qxc5 26. Kh1 Kh7 27. Nf3 Bh6 28. Qe1
Be3 29. Nxh4 Bxf2 30. Rxf2 g5 31. Nf3 Qe3 32. Nd2 g4 33. h4 Kg7 34. Nf1 Qc5 35.
Neg3 Rh8 36. h5 Rh6 37. Ne3 Kf7 38. Qd2 Rg8 39. Kg1 Rh7 40. Qe2 Ke7 41. Kf1 Bd7
42. a3 a5 43. Qe1 Rg5 44. Ke2 Rh6 45. Qd2 Kd8 46. Nd1 Nf7 47. Ne3 Rg8 48. Qe1
Kc8 49. Qf1 Qb6 50. Nef5 Bxf5 51. Nxf5 Rgh8 52. Nxh6 Rxh6 53. Qh1 b4 54. axb4
axb4 55. Qh4 bxc3 56. bxc3 Kd8 57. Qxg4 Ke7 58. Rf1 Rh8 59. Rb1 Qd8 60. Rb7+
Kf8 61. Qg6 Qe8 62. Qxf6 Rxh5 63. Ba4 1-0

[Event "Olimpiada de Khanty-Mansiysk 2010"]
[Site "Khanty-Mansiysk RUS"]
[Date "2010.09.24"]
[Round "4"]
[White "Fekadu, Desalegn Jimma"]
[Black "Genba, Vladimir"]
[Result "0-1"]
[WhiteElo "2204"]
[BlackElo "2445"]
[PlyCount "70"]
[EventDate "2010.09.21"]
[EventType "team"]
[EventRounds "11"]
[EventCountry "RUS"]
[Source "lmi"]
[SourceDate "2010.09.21"]
[WhiteTeam "Etiopía"]
[BlackTeam "RU4"]
[WhiteTeamCountry "ETH"]

1. d4 e6 2. c4 b6 3. Nf3 Bb7 4. e3 f5 5. Be2 Nf6 6. Nc3 Bb4 7. Bd2 O-O 8. a3
Bxc3 9. Bxc3 Ne4 10. Rc1 d6 11. O-O Nd7 12. Nd2 Nxc3 13. Rxc3 e5 14. f4 Qe7 15.
Bf3 e4 16. Be2 c5 17. d5 Nf6 18. g4 fxg4 19. Bxg4 Nxg4 20. Qxg4 Rae8 21. Rf2
Bc8 22. Qg3 Rf6 23. Rg2 Rh6 24. Qg5 Rf6 25. Nf1 Qf7 26. Qg3 Kh8 27. Rcc2 Kg8
28. h4 b5 29. b3 Qb7 30. Qe1 bxc4 31. bxc4 Bh3 32. Rg3 Bxf1 33. Kxf1 Rh6 34.
Rg4 Qb3 35. Qc3 Qxc3 0-1

[Event "Olimpiada de Khanty-Mansiysk 2010"]
[Site "Khanty-Mansiysk RUS"]
[Date "2010.09.24"]
[Round "4"]
[White "Collins, Sam E"]
[Black "Elliott, Warren"]
[Result "1-0"]
[WhiteElo "2431"]
[BlackElo "2254"]
[PlyCount "71"]
[EventDate "2010.09.21"]
[EventType "team"]
[EventRounds "11"]
[EventCountry "RUS"]
[Source "lmi"]
[SourceDate "2010.09.21"]
[WhiteTeam "Irlanda"]
[BlackTeam "Jamaica"]
[WhiteTeamCountry "IRL"]
[BlackTeamCountry "JAM"]

1. Nf3 e6 2. e4 d5 3. e5 c5 4. c3 Nc6 5. d4 Qb6 6. a3 Nh6 7. b4 cxd4 8. cxd4
Nf5 9. Be3 Be7 10. Bd3 Nxe3 11. fxe3 f5 12. exf6 Bxf6 13. Qc2 h6 14. Bg6+ Kd8
15. Nc3 Ne7 16. O-O Bd7 17. Bd3 Rc8 18. Qb3 g5 19. b5 g4 20. Na4 Qa5 21. Ne1
Bg5 22. Nc2 b6 23. Rf2 a6 24. Rb1 axb5 25. Bxb5 Bxb5 26. Qxb5 Qxb5 27. Rxb5
Rxc2 28. Rxc2 Bxe3+ 29. Kf1 Rf8+ 30. Ke1 Bxd4 31. Nxb6 Rf6 32. a4 Nf5 33. Rb4
Be3 34. Na8 Nd4 35. Rc7 Bf2+ 36. Kd1 1-0

[Event "Olimpiada de Khanty-Mansiysk 2010"]
[Site "Khanty-Mansiysk RUS"]
[Date "2010.09.24"]
[Round "4"]
[White "Rowe, Duane"]
[Black "Astaneh Lopez, Alex"]
[Result "0-1"]
[WhiteElo "2248"]
[BlackElo "2393"]
[PlyCount "91"]
[EventDate "2010.09.21"]
[EventType "team"]
[EventRounds "11"]
[EventCountry "RUS"]
[Source "lmi"]
[SourceDate "2010.09.21"]
[WhiteTeam "Jamaica"]
[BlackTeam "Irlanda"]
[WhiteTeamCountry "JAM"]
[BlackTeamCountry "IRL"]

1. e4 c6 2. Nc3 d5 3. Nf3 Bg4 4. h3 Bxf3 5. Qxf3 e6 6. d4 Nf6 7. Bg5 Be7 8.
O-O-O dxe4 9. Nxe4 Nxe4 10. Bxe7 Qxe7 11. Qxe4 Nd7 12. Bc4 Nf6 13. Qe5 O-O 14.
Rhe1 b5 15. Bb3 a5 16. c3 a4 17. Bc2 a3 18. b3 Rfd8 19. Qg5 Rd5 20. Qh4 g6 21.
g4 Kg7 22. g5 Nh5 23. f4 Qc7 24. Be4 Rdd8 25. Rf1 Kg8 26. Rf3 Ng7 27. Qf2 Rd6
28. Rfd3 Rad8 29. Kc2 R6d7 30. Qf3 Rc8 31. Re3 c5 32. d5 exd5 33. Bxd5 Nf5 34.
Re5 Rcd8 35. Rde1 b4 36. Qe4 bxc3 37. Re8+ Kg7 38. Rxd8 Rxd8 39. Qe5+ Qxe5 40.
Rxe5 Rxd5 41. Rxd5 Ne3+ 42. Kxc3 Nxd5+ 43. Kc4 Nb4 44. Kxc5 Nxa2 45. Kc4 Nb4
46. Kd4 0-1

[Event "Olimpiada de Khanty-Mansiysk 2010"]
[Site "Khanty-Mansiysk RUS"]
[Date "2010.09.24"]
[Round "4"]
[White "Heidenfeld, Mark"]
[Black "Matthews, Shane"]
[Result "1-0"]
[WhiteElo "2360"]
[BlackElo "2227"]
[PlyCount "127"]
[EventDate "2010.09.21"]
[EventType "team"]
[EventRounds "11"]
[EventCountry "RUS"]
[Source "lmi"]
[SourceDate "2010.09.21"]
[WhiteTeam "Irlanda"]
[BlackTeam "Jamaica"]
[WhiteTeamCountry "IRL"]
[BlackTeamCountry "JAM"]

1. e4 c5 2. Nf3 d6 3. d4 cxd4 4. Qxd4 Nc6 5. Bb5 Bd7 6. Bxc6 Bxc6 7. c4 Nf6 8.
Nc3 g6 9. O-O Bg7 10. Qd3 O-O 11. Nd4 Nd7 12. b3 Nc5 13. Qe3 Ne6 14. Nce2 Nxd4
15. Nxd4 Bd7 16. Bb2 a6 17. Rac1 Qb8 18. c5 dxc5 19. Rxc5 Rc8 20. Rxc8+ Qxc8
21. Ba3 Qe8 22. e5 e6 23. Rc1 Rc8 24. f4 Rxc1+ 25. Qxc1 Qc8 26. Qxc8+ Bxc8 27.
Kf2 f6 28. Bd6 fxe5 29. Bxe5 Bf8 30. Nf3 Bd7 31. Bd4 Bd6 32. g3 Bc6 33. Ng5 Bd5
34. Ke3 Be7 35. Ne4 Kf7 36. Nf2 g5 37. Nd3 gxf4+ 38. Kxf4 Bd6+ 39. Be5 Bf8 40.
Ke3 Bh6+ 41. Kd4 Ke7 42. h4 Bf3 43. Bf4 Bg7+ 44. Ke3 Bd5 45. g4 a5 46. Be5 Bxe5
47. Nxe5 a4 48. bxa4 Bxa2 49. a5 Kd6 50. Kd4 Bb1 51. g5 Bc2 52. h5 Ke7 53. Kc5
h6 54. Nc6+ Kd7 55. Nb4 Be4 56. Kd4 Bf5 57. gxh6 Kd6 58. Nd3 Bh7 59. Ne5 Ke7
60. Ng4 Bf5 61. Ke5 Kf7 62. Nf6 Bh3 63. Ne8 Bg2 64. h7 1-0

[Event "Olimpiada de Khanty-Mansiysk 2010"]
[Site "Khanty-Mansiysk RUS"]
[Date "2010.09.24"]
[Round "4"]
[White "Porter, Russel"]
[Black "Daly, Colm"]
[Result "0-1"]
[WhiteElo "2163"]
[BlackElo "2277"]
[PlyCount "134"]
[EventDate "2010.09.21"]
[EventType "team"]
[EventRounds "11"]
[EventCountry "RUS"]
[Source "lmi"]
[SourceDate "2010.09.21"]
[WhiteTeam "Jamaica"]
[BlackTeam "Irlanda"]
[WhiteTeamCountry "JAM"]
[BlackTeamCountry "IRL"]

1. c4 g6 2. Nf3 Bg7 3. Nc3 d6 4. g3 c5 5. Bg2 Nc6 6. O-O e5 7. d3 f5 8. Rb1 Nf6
9. a3 a5 10. Nd5 Nxd5 11. cxd5 Ne7 12. Ng5 O-O 13. b4 cxb4 14. axb4 a4 15. b5
a3 16. Ra1 a2 17. Qb3 Qa5 18. Bb2 Bd7 19. Rfc1 Bh6 20. h4 Rfc8 21. Rxc8+ Nxc8
22. f4 exf4 23. gxf4 Qxb5 24. Qc3 Qc5+ 25. Qxc5 dxc5 26. d6 Nb6 27. Bxb7 Rb8
28. Bf3 Bxg5 29. hxg5 Be6 30. Kf2 Nd7 31. Bc3 Rb6 32. Ke3 Rxd6 33. Bb7 Nb6 34.
Be5 Rd7 35. Bc6 Ra7 36. Bd6 c4 37. Bc5 Rc7 38. Bxb6 Rxc6 39. dxc4 Rxb6 40. Rxa2
Bxc4 41. Ra8+ Kg7 42. Ra7+ Bf7 43. Kd3 Rd6+ 44. Kc3 Re6 45. Kd2 Kf8 46. e3 Re7
47. Ra8+ Be8 48. Ra3 Rd7+ 49. Ke2 Ke7 50. Ra5 Rb7 51. Kd3 Kd6 52. Ke2 Bc6 53.
Kf2 Rb2+ 54. Kg3 Rg2+ 55. Kh3 Re2 56. Kh4 Bf3 57. Re5 Bd5 58. Kg3 Kc5 59. Kh3
Kc4 60. Kh4 Bf3 61. Re7 Kd3 62. Kg3 Be4 63. Rxh7 Rxe3+ 64. Kh4 Re1 65. Ra7 Ke3
66. Ra3+ Kxf4 67. Rh3 Rh1 0-1

[Event "Olimpiada de Khanty-Mansiysk 2010"]
[Site "Khanty-Mansiysk RUS"]
[Date "2010.09.24"]
[Round "4"]
[White "Machin, Rivera Mark"]
[Black "Minhazuddin, Ahmed"]
[Result "1/2-1/2"]
[WhiteElo "2229"]
[BlackElo "2368"]
[PlyCount "117"]
[EventDate "2010.09.21"]
[EventType "team"]
[EventRounds "11"]
[EventCountry "RUS"]
[Source "lmi"]
[SourceDate "2010.09.21"]
[WhiteTeam "Puerto Rico"]
[BlackTeam "Bangladesh"]
[WhiteTeamCountry "PUR"]
[BlackTeamCountry "BAN"]

1. c4 e5 2. g3 Nf6 3. Bg2 d5 4. cxd5 Nxd5 5. Nf3 Nc6 6. O-O Be7 7. d4 exd4 8.
Nxd4 Nxd4 9. Qxd4 Nf6 10. Qxd8+ Bxd8 11. Nc3 O-O 12. Be3 c6 13. Rfd1 Re8 14.
Rac1 Be6 15. Rd2 Ba5 16. Bc5 Bxc3 17. bxc3 Bc4 18. e3 Nd5 19. e4 Nf6 20. f3 b6
21. Bf2 Kf8 22. a4 Red8 23. Rd4 Be6 24. e5 Ne8 25. f4 c5 26. Rdd1 Bb3 27. Bxa8
Rxd1+ 28. Rxd1 Bxd1 29. a5 Nc7 30. Be4 g6 31. axb6 axb6 32. h3 Bb3 33. Be3 Ke7
34. g4 Bd5 35. Bd3 Ke6 36. Kf2 Bb3 37. c4 Na6 38. Bd2 Nb8 39. Bc3 Nc6 40. f5+
Ke7 41. Ke3 Na5 42. Bxa5 bxa5 43. Kd2 g5 44. Kc3 Bd1 45. Be4 Be2 46. Bd3 Bf3
47. Bf1 h6 48. Kb3 Bc6 49. Ka3 f6 50. e6 Kd6 51. Kb3 Ke5 52. Ka3 Kd6 53. Kb3 h5
54. gxh5 Be4 55. Ka4 Bxf5 56. Kxa5 Kxe6 57. Kb6 Kd6 58. h6 Bh7 59. Be2 1/2-1/2

[Event "Olimpiada de Khanty-Mansiysk 2010"]
[Site "Khanty-Mansiysk RUS"]
[Date "2010.09.24"]
[Round "4"]
[White "Abu Sufian, Shakil"]
[Black "Montalvo, Alejandro"]
[Result "1/2-1/2"]
[WhiteElo "2361"]
[BlackElo "2250"]
[PlyCount "54"]
[EventDate "2010.09.21"]
[EventType "team"]
[EventRounds "11"]
[EventCountry "RUS"]
[Source "lmi"]
[SourceDate "2010.09.21"]
[WhiteTeam "Bangladesh"]
[BlackTeam "Puerto Rico"]
[WhiteTeamCountry "BAN"]
[BlackTeamCountry "PUR"]

1. e4 c6 2. d4 d5 3. Nc3 dxe4 4. Nxe4 Bf5 5. Ng3 Bg6 6. h4 h6 7. h5 Bh7 8. Nf3
Nd7 9. Bd3 Bxd3 10. Qxd3 e6 11. Bd2 Ngf6 12. O-O-O Be7 13. Kb1 O-O 14. Ne4 c5
15. c3 Qc7 16. Nxf6+ Nxf6 17. Ne5 cxd4 18. cxd4 Rfd8 19. f4 Qd6 20. Bc1 Qd5 21.
g4 Qe4 22. g5 hxg5 23. fxg5 Qxd3+ 24. Rxd3 Nd7 25. Nf3 Nf8 26. Ne5 Nd7 27. Nf3
Nf8 1/2-1/2

[Event "Olimpiada de Khanty-Mansiysk 2010"]
[Site "Khanty-Mansiysk RUS"]
[Date "2010.09.24"]
[Round "4"]
[White "Vazquez, Reyes Raul"]
[Black "Chatterjee, Debaraj"]
[Result "1/2-1/2"]
[WhiteElo "2217"]
[BlackElo "2288"]
[PlyCount "87"]
[EventDate "2010.09.21"]
[EventType "team"]
[EventRounds "11"]
[EventCountry "RUS"]
[Source "lmi"]
[SourceDate "2010.09.21"]
[WhiteTeam "Puerto Rico"]
[BlackTeam "Bangladesh"]
[WhiteTeamCountry "PUR"]
[BlackTeamCountry "BAN"]

1. e4 d5 2. exd5 Qxd5 3. Nc3 Qa5 4. d4 Nf6 5. Nf3 c6 6. Bd2 Bf5 7. Ne4 Qc7 8.
Nxf6+ gxf6 9. Nh4 Bg6 10. f4 f5 11. Bd3 e6 12. Qe2 Be7 13. Nf3 Bh5 14. O-O Nd7
15. Rae1 O-O-O 16. c3 Bd6 17. Qe3 Nf6 18. Ne5 c5 19. Qh3 Bg6 20. Be3 Ng4 21.
Bb1 Rhg8 22. Kh1 Kb8 23. Bg1 f6 24. Nxg4 fxg4 25. Qe3 Bxb1 26. Rxb1 cxd4 27.
Qxd4 b6 28. Qxf6 Rg6 29. Qd4 e5 30. fxe5 Bxe5 31. Qe3 Re8 32. Rbe1 Rge6 33. Qg5
Rg6 34. Qf5 Ree6 35. Qf8+ Qc8 36. Qxc8+ Kxc8 37. Rf8+ Kb7 38. Rf7+ Ka6 39. Re4
Bb8 40. Ra4+ Kb5 41. Rb4+ Ka6 42. Ra4+ Kb5 43. Rb4+ Ka6 44. Ra4+ 1/2-1/2

[Event "Olimpiada de Khanty-Mansiysk 2010"]
[Site "Khanty-Mansiysk RUS"]
[Date "2010.09.24"]
[Round "4"]
[White "Javed, Mohammad"]
[Black "Almedina, Ortiz Edgardo J"]
[Result "0-1"]
[WhiteElo "2290"]
[BlackElo "2197"]
[PlyCount "64"]
[EventDate "2010.09.21"]
[EventType "team"]
[EventRounds "11"]
[EventCountry "RUS"]
[Source "lmi"]
[SourceDate "2010.09.21"]
[WhiteTeam "Bangladesh"]
[BlackTeam "Puerto Rico"]
[WhiteTeamCountry "BAN"]
[BlackTeamCountry "PUR"]

1. e4 e5 2. Nf3 Nf6 3. d4 Nxe4 4. Bd3 d5 5. dxe5 Nc5 6. Nc3 c6 7. O-O Be7 8.
Nd4 Nxd3 9. Qxd3 O-O 10. f4 f5 11. Nb3 Na6 12. Be3 Nc7 13. Ne2 b6 14. Rfd1 c5
15. Qd2 d4 16. Qe1 Qd5 17. c4 Qe4 18. Bf2 Bb7 19. Qf1 Ne6 20. Bg3 Qc2 21. Rac1
Qxb2 22. Rd2 Qa3 23. Nc3 dxc3 24. Rd7 Be4 25. Rxe7 Rfe8 26. Rxe8+ Rxe8 27. Rxc3
Qxa2 28. Re3 Rd8 29. Qe2 Qb1+ 30. Kf2 Bd3 31. Nd2 Qc2 32. Qe1 Bxc4 0-1